Рівнянин - абсолюний чемпіон України (Запис № 303955)

МАРК-запис
000 -Лідер
fixed length control field 00861nam a22001697a 4500
003 - Ідентифікатор контрольного номера
control field UA-OsUOA
001 - Контрольний номер
control field 17787
007 - Фіксоване поле фізичного опису
fixed length control field ta
008 - Елементи даних фіксованої довжини – загальна інформація
fixed length control field 20040326b un ||||| |||| 00| 0 ukr d
040 ## - Джерело каталогізації
Агенція оригінальної каталогізації UA-OsUOA
Агенція, яка здійснювала перезапис UA-OsUOA
Агенція, яка здійснювала модифікацію UA-OsUOA
245 ## - Відомості про назву
Назва (НП) Рівнянин - абсолюний чемпіон України
Решта назви (НП) [На чемпіонаті України із зимового поліатлону вдало виступили рівнен. спортсмени - учитель фізкультури із с.Сіянці Остроз. р-ну П.Сидорчук та тренер - викладач ДЮСШ "Колос" м.Березне О.Білера здобули
300 ## - Фізичний опис
Обсяг С.1
650 #7 - Додаткове предметне введення – тематичний термін
Тематичний термін чи географічна назва, як елемент введення (НП) Cидорчук П., Білера О.
Джерело заголовка чи терміна UDC
773 0# - Введення хост-одиниці (П)
Контрольний номер запису (П) 0
Назва (НП) Вільне слово
Місце, видавець та дата видання (НП) Рівне
-- 2004
Інформація про взаємозв’язок (П) №23/10 берез./
942 ## - Додаткові елементи входу (Коха)
Тип елемента Koha Стаття періодики
955 ## - Код типу видання за змістом
Код типу видання за змістом (НП) інше

Немає доступних примірників.